Chanakya : (Record no. 15850)

MARC details
000 -LEADER
fixed length control field 02880nam a22003617a 4500
005 - DATE AND TIME OF LATEST TRANSACTION
control field 20080927144446.0
008 - FIXED-LENGTH DATA ELEMENTS--GENERAL INFORMATION
fixed length control field 080927t xxu||||| |||| 00| 0 eng d
010 ## - LCCN (DPL NO)
LC control number B-317150-160
020 ## - INTERNATIONAL STANDARD BOOK NUMBER
International Standard Book Number 8122310109
Terms of availability 150.00
020 ## - INTERNATIONAL STANDARD BOOK NUMBER
International Standard Book Number 9788122310108
Terms of availability 150.00
035 ## - SYSTEM CONTROL NUMBER
System control number B-317150-160
037 ## - SOURCE OF ACQUISITION
Source of stock number/acquisition UBH
040 ## - CATALOGING SOURCE
Original cataloging agency dpl
Language of cataloging English
082 ## - DEWEY DECIMAL CLASSIFICATION NUMBER
Classification number 170
100 ## - MAIN ENTRY--PERSONAL NAME
Personal name Prasoon, Shrikant
245 ## - TITLE STATEMENT
Title Chanakya :
Remainder of title the guru of governance /
Statement of responsibility, etc by Shrikant Prasoon
260 ## - PUBLICATION, DISTRIBUTION, ETC. (IMPRINT)
Place of publication, distribution, etc New Delhi
Name of publisher, distributor, etc Pustak Mahal
Date of publication, distribution, etc 2008
270 ## - ADDRESS
Address J-3/16, Daryaganj,
City New Delhi
Postal code 110002
Telephone number 23276539, 23272783, 23272784
Fax number 011-23260518
Electronic mail address info@pustakmahal.com
300 ## - PHYSICAL DESCRIPTION
Extent 221 p.
Dimensions 21 cm. (pbk)
942 ## - ADDED ENTRY ELEMENTS (KOHA)
Source of classification or shelving scheme Dewey Decimal Classification
Item type English Books
Classification part 170
Call number suffix PRA
Holdings
Withdrawn status Lost status Source of classification or shelving scheme Damaged status Not for loan Collection code Home library Current library Date acquired Source of acquisition Cost, normal purchase price Total Checkouts Full call number Barcode Date last seen Copy number Cost, replacement price Koha item type Public note Total Renewals
    Dewey Decimal Classification     Non-fiction Andrews Gunj Andrews Gunj 23/05/2009 UBH/283/29.12.08/267/12.12.08/12.2.09 150.00 1 170 PRA B-317156 31/12/2018 1 150.00 English Books    
Written off   Dewey Decimal Classification     Non-fiction Central Library Central Library 23/05/2009 UBH/283/29.12.08/267/12.12.08/12.2.09 150.00   170 PRA B-317150 23/05/2009 1 150.00 English Books W/d List 8143/25; dtd 15/3/17  
    Dewey Decimal Classification     Non-fiction Sarojini Nagar Janak Puri 23/05/2009 UBH/283/29.12.08/267/12.12.08/12.2.09 150.00 8 170 PRA B-317154 09/06/2014 1 150.00 English Books cost Rs. 150/- vide R.No. 24/78 dt 24-05-10  
    Dewey Decimal Classification     Non-fiction Karol Bagh Karol Bagh 23/05/2009 UBH/283/29.12.08/267/12.12.08/12.2.09 150.00   170 PRA B-317159 23/05/2009 1 150.00 English Books    
    Dewey Decimal Classification     Non-fiction New Police Line New Police Line 23/05/2009 UBH/283/29.12.08/267/12.12.08/12.2.09 150.00   170 PRA B-317151 23/05/2009 1 150.00 English Books    
    Dewey Decimal Classification     Non-fiction Patel Nagar Patel Nagar 23/05/2009 UBH/283/29.12.08/267/12.12.08/12.2.09 150.00   170 PRA B-317152 23/05/2009 1 150.00 English Books    
    Dewey Decimal Classification     Non-fiction Peshwa Road Peshwa Road 23/05/2009 UBH/283/29.12.08/267/12.12.08/12.2.09 150.00   170 PRA B-317153 23/05/2009 1 150.00 English Books    
    Dewey Decimal Classification     Non-fiction R.K.Puram-8 R.K.Puram-8 23/05/2009 UBH/283/29.12.08/267/12.12.08/12.2.09 150.00 3 170 PRA B-317155 24/07/2021 1 150.00 English Books    
    Dewey Decimal Classification     Non-fiction Shahdara Branch Shahdara Branch 23/05/2009 UBH/283/29.12.08/267/12.12.08/12.2.09 150.00   170 PRA B-317160 23/05/2009 1 150.00 English Books    
    Dewey Decimal Classification     Non-fiction Sriniwas Puri Sriniwas Puri 23/05/2009 UBH/283/29.12.08/267/12.12.08/12.2.09 150.00   170 PRA B-317157 23/05/2009 1 150.00 English Books    
    Dewey Decimal Classification     Non-fiction Vinoba Puri Vinoba Puri 23/05/2009 UBH/283/29.12.08/267/12.12.08/12.2.09 150.00 4 170 PRA B-317158 30/11/2009 1 150.00 English Books   4

© Delhi Public Library
Hit Counter
free hit counter